LEADER 00992nam a2200265 a 4500 001 000000126255 003 CaOOAMICUS 005 20110908150018.0 008 110908s2011 it e 000 0 ita r 040 $aPUL$bita 082 04$a853 100 1 $aDesiati, Mario.$0(OLS)http://pul/name/80299 245 10$aE' proibito amare /$cMario Desiati. 260 $aMilano :$bR.C.S. Quotidiani,$c©2011. 300 $a91 p. ;$c18 cm 490 1 $aInediti d'autore ;$v12 500 $aEd. speciale per Corriere della Sera. 830 0$aInediti d'autore ;$v12.$0(OLS)http://pul/title/159119 850 $aPUL 852 $aPUL$W1$xDP2 Cons. Gen., Altre Classi 3$y97$m853 COLL 2.12$j145620$qDDC 21$B144480$CPULBib$Z2$F144480 $H117939 $82 941 1 $a9 996 $6082$a853$9(OLS)http://pul/classification/1915 996 $6245$aE' proibito amare$9(OLS)http://pul/title/159428 996 $6260$aMilano :$bR.C.S. Quotidiani$9(OLS)http://pul/publisher/79195 LEADER 01597nam a2200337 a 4500 001 000000041257 003 CaOOAMICUS 005 20110928125754.0 008 981121s1992 it h u000 u ita r 035 $a10808552 040 $aIPA$bita$dPUL(R) 245 00$aCopernico, Galilei e la Chiesa :$bfine della controversia (1820) : gli atti del Sant'Uffizio /$ca cura di Walter Brandmüller e Egon Johannes Greipl. 260 $aFirenze :$bOlschki,$c1992. 300 $a495 p., [8] p. di tav. :$bfacs. ;$c24 cm 500 $aContiene indice. 504 $aBibliografia in nota. 600 14$aGalilei, Galileo,$d1564-1642.$0(OLS)http://pul/subject/2137 600 14$aCopernicus, Nicolaus, $d1473-1543.$0(OLS)http://pul/subject/17490 700 1 $aBrandmüller, Walter,$ccard.,$d1929-$0(OLS)http://pul/name/3927 700 1 $aGreipl, Egon Johannes.$0(OLS)http://pul/name/30380 850 $aPUL 852 $aPUL$W1$xSL Filosofia 1$y2$m95 H 34$j55926$nBK-PRI$b $qStampati$B55926$CPULBib$Z2$F55926 $H $81 852 $aPUL$W1$xDP1 Fondo Maccarrone$y58$m1511 E 14$j146088$a2. copia$qFondi$B144779$CPULBib$Z2$F144779 $82 941 1 $a8 941 1 $a1 960 $aKopernik, Miko?aj,$d1473-1543$917490 960 $aCopernico?, Nicola, $a1473-1543$917490 960 $aCopernico?, Niccolo?, $d1473-1543$917490 961 $aINV: 71176 996 $6245$aCopernico, Galilei e la Chiesa :$bfine della controversia (1820) : gli atti del Sant'Uffizio$9(OLS)http://pul/title/55682 996 $6260$aFirenze :$bOlschki$9(OLS)http://pul/publisher/48265